[Event "Elite Hotels Open 2019"]
[Site "Vaxjo"]
[Date "2019.02.10"]
[Round "8.14"]
[White "Burwick, Malte"]
[Black "Bernhardsson, Sten"]
[Result "1-0"]
[WhiteElo "2247"]
[BlackElo "2003"]
[Annotator "NA"]
[PlyCount "104"]
[EventDate "2019.02.08"]
[EventType "swiss"]
[EventCountry "SWE"]
[SourceTitle "playchess.com"]
[Source "ChessBase"]
[SourceQuality "1"]
[TimeControl "5400+30"]

1. Nf3 {[%emt 0:00:00]} d5 {[%emt 0:00:00]} 2. g3 {[%emt 0:00:00]} g6 {[%emt 0:00:20]} 3. Bg2 {[%emt 0:00:00]} Bg7 {[%emt 0:00:08]} 4. O-O {[%emt 0:00:00]} e5 {[%emt 0:00:07]} 5. d3 {[%emt 0:00:01]} Ne7 {[%emt 0:00:22]} 6. e4 {[%emt 0:05:23]} d4 {[%emt 0:00:42]} 7. c3 {[%emt 0:05:13]} c5 {[%emt 0:03:22]} 8. a3 {[%emt 0:06:14]} O-O {[%emt 0:06:34]} 9. b4 {[%emt 0:01:30]} dxc3 {[%emt 0:09:25]} 10. Nxc3 {[%emt 0:01:06]} cxb4 {[%emt 0:01:35]} 11. axb4 {[%emt 0:00:27]} Nbc6 {[%emt 0:00:58]} 12. b5 {[%emt 0:09:17]} Nd4 {[%emt 0:02:44]} 13. Nxd4 {[%emt 0:09:12]} Qxd4 {[%emt 0:01:14]} 14. Bb2 {[%emt 0:01:40]} Re8 {[%emt 0:11:39]} 15. Qb1 {[%emt 0:00:41]} Qb6 {[%emt 0:01:30]} 16. Bc1 {[%emt 0:01:12]} a6 {[%emt 0:08:48]} 17. Be3 {[%emt 0:03:23]} Qd6 {[%emt 0:00:44]} 18. Rc1 {[%emt 0:03:56]} Be6 {[%emt 0:00:56]} 19. Na4 {[%emt 0:24:38]} axb5 {[%emt 0:18:14]} 20. Qxb5 {[%emt 0:01:03]} Bd7 {[%emt 0:00:37]} 21. Qb3 {[%emt 0:02:16]} Bxa4 {[%emt 0:06:55]} 22. Rxa4 {[%emt 0:00:05]} Rxa4 {[%emt 0:00:21]} 23. Qxa4 {[%emt 0:00:05]} Nc6 {[%emt 0:00:33]} 24. Rb1 {[%emt 0:02:27]} Rd8 {[%emt 0:01:46]} 25. Rxb7 {[%emt 0:01:56]} Nd4 {[%emt 0:01:24]} 26. Qa2 {[%emt 0:03:33]} Qe6 {[%emt 0:04:43]} 27. Qb2 {[%emt 0:08:12]} h6 {[%emt 0:01:36]} 28. Rb8 {[%emt 0:01:15]} Qd6 {[%emt 0:01:34]} 29. Rxd8+ {[%emt 0:00:44]} Qxd8 {[%emt 0:00:06]} 30. h4 {[%emt 0:02:59]} Qc7 {[%emt 0:00:57]} 31. Bxd4 {[%emt 0:01:36]} exd4 {[%emt 0:00:09]} 32. f4 {[%emt 0:00:11]} Qc3 {[%emt 0:00:34]} 33. Qb5 {[%emt 0:00:14]} h5 {[%emt 0:00:44]} 34. e5 {[%emt 0:00:14]} Bf8 {[%emt 0:00:32]} 35. Kh2 {[%emt 0:03:17]} Qc8 {[%emt 0:03:29]} 36. Qd5 {[%emt 0:00:38]} Bc5 {[%emt 0:01:37]} 37. Bh3 {[%emt 0:00:54]} Qc7 {[%emt 0:00:47]} 38. f5 {[%emt 0:00:41]} gxf5 {[%emt 0:00:32]} 39. Bxf5 {[%emt 0:00:09]} Qe7 {[%emt 0:00:24]} 40. e6 {[%emt 0:00:56]} fxe6 {[%emt 0:00:17]} 41. Bxe6+ {[%emt 0:00:11]} Kg7 {[%emt 0:00:13]} 42. Kh3 {[%emt 0:01:43]} Bb6 {[%emt 0:00:45]} 43. Bf5 {[%emt 0:00:23]} Bc5 {[%emt 0:03:24]} 44. Be4 {[%emt 0:00:10]} Ba7 {[%emt 0:01:41]} 45. Qxh5 {[%emt 0:00:09]} Qe6+ {[%emt 0:00:44]} 46. Bf5 {[%emt 0:01:20]} Qe1 {[%emt 0:00:18]} 47. Qg6+ {[%emt 0:00:20]} Kf8 {[%emt 0:00:05]} 48. Qf6+ {[%emt 0:00:15]} Ke8 {[%emt 0:00:16]} 49. Qh8+ {[%emt 0:00:50]} Ke7 {[%emt 0:00:21]} 50. Qg7+ {[%emt 0:00:08]} Kd6 {[%emt 0:00:18]} 51. Qd7+ {[%emt 0:00:19]} Kc5 {[%emt 0:00:08]} 52. Qxa7+ {[%emt 0:00:04]} Kd5 1-0

[Event "Elite Hotels Open 2019"]
[Site "Vaxjo"]
[Date "2019.02.10"]
[Round "8.15"]
[White "Lindh, Fredrik"]
[Black "Sandberg, Philip"]
[Result "1-0"]
[WhiteElo "2244"]
[BlackElo "1923"]
[Annotator "NA"]
[PlyCount "89"]
[EventDate "2019.02.08"]
[EventType "swiss"]
[EventCountry "SWE"]
[SourceTitle "playchess.com"]
[Source "ChessBase"]
[SourceQuality "1"]
[TimeControl "5400+30"]

1. e4 {[%emt 0:00:00]} e5 {[%emt 0:00:00]} 2. Nf3 Nc6 3. Bb5 {[%emt 0:00:00]} f5 {[%emt 0:00:00]} 4. d3 {[%emt 0:01:09]} Nf6 {[%emt 0:00:00]} 5. O-O {[%emt 0:01:13]} fxe4 {[%emt 0:00:12]} 6. dxe4 {[%emt 0:00:06]} Bc5 {[%emt 0:00:55]} 7. Qd3 {[%emt 0:00:30]} d6 {[%emt 0:01:08]} 8. Qc4 {[%emt 0:01:40]} a5 {[%emt 0:02:23]} 9. Nxe5 {[%emt 0:15:19]} Bxf2+ {[%emt 0:17:17]} 10. Rxf2 {[%emt 0:00:44]} dxe5 {[%emt 0:00:56]} 11. Bxc6+ {[%emt 0:00:59]} bxc6 {[%emt 0:00:01]} 12. Qxc6+ {[%emt 0:00:08]} Bd7 {[%emt 0:00:16]} 13. Qc5 {[%emt 0:03:45]} Ng4 {[%emt 0:07:09]} 14. Rf1 {[%emt 0:01:20]} Qe7 {[%emt 0:28:19]} 15. Qxe7+ {[%emt 0:05:34]} Kxe7 {[%emt 0:00:01]} 16. Nc3 {[%emt 0:02:47]} Bc6 {[%emt 0:00:55]} 17. Bg5+ {[%emt 0:00:27]} Ke6 {[%emt 0:01:28]} 18. h3 {[%emt 0:00:28]} h6 19. Bh4 {[%emt 0:02:57]} g5 {[%emt 0:02:57]} 20. Bg3 {[%emt 0:02:05]} Ne3 {[%emt 0:02:16]} 21. Rf2 {[%emt 0:00:31]} Rhf8 {[%emt 0:01:02]} 22. Re2 {[%emt 0:00:51]} Nc4 {[%emt 0:01:54]} 23. b3 {[%emt 0:03:02]} Nd6 {[%emt 0:00:26]} 24. Nd5 {[%emt 0:04:05]} Ra7 {[%emt 0:04:06]} 25. c4 {[%emt 0:13:15]} a4 {[%emt 0:02:08]} 26. Bf2 {[%emt 0:02:28]} Rb7 {[%emt 0:02:38]} 27. Bc5 {[%emt 0:00:36]} axb3 {[%emt 0:03:25]} 28. axb3 {[%emt 0:00:29]} Bxd5 {[%emt 0:03:56]} 29. exd5+ {[%emt 0:01:48]} Kd7 {[%emt 0:01:06]} 30. Rxe5 {[%emt 0:01:33]} Rxb3 {[%emt 0:01:17]} 31. Re6 {[%emt 0:16:12]} h5 {[%emt 0:05:12]} 32. Bxd6 {[%emt 0:04:35]} cxd6 {[%emt 0:00:02]} 33. Ra7+ {[%emt 0:00:08]} Kc8 {[%emt 0:00:23]} 34. Ra8+ {[%emt 0:00:04]} Rb8 {[%emt 0:00:08]} 35. Rxb8+ {[%emt 0:00:04]} Kxb8 {[%emt 0:00:01]} 36. Rxd6 {[%emt 0:00:08]} Rc8 {[%emt 0:00:15]} 37. Rb6+ {[%emt 0:00:05]} Ka7 {[%emt 0:00:20]} 38. Rc6 {[%emt 0:04:55]} Rxc6 {[%emt 0:00:25]} 39. dxc6 {[%emt 0:00:05]} Kb6 {[%emt 0:00:03]} 40. Kf2 {[%emt 0:00:04]} Kxc6 {[%emt 0:00:05]} 41. Ke3 {[%emt 0:00:08]} Kc5 {[%emt 0:00:24]} 42. Kd3 {[%emt 0:00:07]} Kc6 {[%emt 0:00:30]} 43. Kd4 {[%emt 0:00:19]} Kd6 {[%emt 0:00:08]} 44. c5+ {[%emt 0:00:04]} Kc6 {[%emt 0:00:05]} 45. g3 {[%emt 0:00:06] Kd5+ Ke4+} 1-0

[Event "Elite Hotels Open 2019"]
[Site "Vaxjo"]
[Date "2019.02.10"]
[Round "8.16"]
[White "Ask, Josef"]
[Black "Stahlberg, David"]
[Result "1/2-1/2"]
[WhiteElo "2164"]
[BlackElo "2079"]
[Annotator "NA"]
[PlyCount "74"]
[EventDate "2019.02.08"]
[EventType "swiss"]
[EventCountry "SWE"]
[SourceTitle "playchess.com"]
[Source "ChessBase"]
[SourceQuality "1"]
[TimeControl "5400+30"]

1. e4 {[%emt 0:00:00]} e5 {[%emt 0:00:10]} 2. Nc3 {[%emt 0:00:00]} Nc6 {[%emt 0:00:53]} 3. f4 {[%emt 0:00:05]} d6 {[%emt 0:01:49]} 4. Bc4 {[%emt 0:00:47]} Nf6 {[%emt 0:00:19]} 5. Nf3 {[%emt 0:00:44]} Be7 {[%emt 0:06:48]} 6. d3 {[%emt 0:00:33]} O-O {[%emt 0:00:12]} 7. f5 {[%emt 0:04:07]} Nd4 {[%emt 0:05:40]} 8. Rg1 {[%emt 0:02:16]} c6 9. a3 {[%emt 0:02:08]} d5 {[%emt 0:04:59]} 10. Ba2 {[%emt 0:00:18]} dxe4 {[%emt 0:01:11]} 11. dxe4 {[%emt 0:00:18]} Qb6 {[%emt 0:02:48]} 12. Kf1 {[%emt 0:00:58]} Ng4 13. Nxd4 {[%emt 0:03:35]} Nxh2+ {[%emt 0:15:44]} 14. Kf2 {[%emt 0:02:13]} exd4 {[%emt 0:05:33]} 15. Na4 {[%emt 0:00:52]} Qa5 {[%emt 0:01:51]} 16. Rh1 {[%emt 0:00:52]} Bxf5 {[%emt 0:03:08]} 17. Rxh2 {[%emt 0:02:23]} Bxe4 {[%emt 0:02:06]} 18. Qxd4 {[%emt 0:02:40]} Qf5+ {[%emt 0:01:38]} 19. Ke1 {[%emt 0:01:34]} Rad8 {[%emt 0:07:40]} 20. Qe3 {[%emt 0:01:29]} Bxc2 {[%emt 0:02:04]} 21. Nc3 {[%emt 0:04:40]} Rfe8 {[%emt 0:02:52]} 22. g4 {[%emt 0:00:33]} Qg6 {[%emt 0:04:06]} 23. Kf1 {[%emt 0:02:51]} Bd6 {[%emt 0:04:15]} 24. Qf2 {[%emt 0:00:43]} Bd3+ {[%emt 0:00:41]} 25. Kg1 {[%emt 0:00:25]} Bxh2+ {[%emt 0:00:45]} 26. Kxh2 {[%emt 0:00:10]} Rd6 {[%emt 0:03:14]} 27. Bf4 {[%emt 0:01:02]} Rf6 {[%emt 0:01:09]} 28. Qg3 {[%emt 0:00:59]} c5 {[%emt 0:02:48]} 29. g5 {[%emt 0:01:50]} Rb6 {[%emt 0:03:37]} 30. b3 {[%emt 0:01:28]} Rbe6 {[%emt 0:00:48]} 31. Rd1 {[%emt 0:01:06]} Qh5+ {[%emt 0:00:53]} 32. Kg1 {[%emt 0:00:54]} Bc2 {[%emt 0:00:38]} 33. Rf1 {[%emt 0:00:28]} Be4 {[%emt 0:01:05]} 34. Nxe4 {[%emt 0:00:51]} Rxe4 {[%emt 0:00:08]} 35. Bb1 {[%emt 0:00:20]} R4e7 {[%emt 0:01:08]} 36. Bd3 {[%emt 0:00:19]} a6 {[%emt 0:00:13]} 37. a4 {[%emt 0:00:14]} Rd8 {[%emt 0:00:33]} 1/2-1/2